LDR 01099naa#a2200181#i#450# 001 RU\FGKOU VO SPBU MVD ROSSII\bibl\115133 005 20260429043111.3 011 ## _a2713-0622 100 ## _a20260428b2026####ek#y0rusy0150####ca 102 ## _aRU 200 1# _aНа переломе эпох: девиантология в поисках субъектности и новых смыслов (Обзор по итогам работы секции VII Всероссийского социологического конгресса) _eЖурнальная статья 210 1# _aСанкт-Петербург _cСАНКТ-ПЕТЕРБУРГСКИЙ УНИВЕРСИТЕТ МИНИСТЕРСТВА ВНУТРЕННИХ ДЕЛ РОССИЙСКОЙ ФЕДЕРАЦИИ _d2026 215 ## _a10 с. 608 ## _aЖурнальная статья _2local 675 ## _aДевиантное поведение. Социальная патология. 316.624 _z 700 #1 _aБрюно _gВиктория Владимировна 700 #1 _aХарабет _gКонстантин Васильевич 856 4# _avestnikspbmvd.ru _u